[Event "Dorsten- Gerthe"]
[Site "?"]
[Date "2023.11.19"]
[Round "4.4"]
[White "Tig, Achmet"]
[Black "Melmer, Felix"]
[Result "0-1"]
[WhiteElo "1945"]
[BlackElo "1899"]
[PlyCount "84"]
[SourceDate "2023.11.29"]

1. d4 d5 2. Nf3 Nf6 3. c4 dxc4 4. e3 e6 5. Bxc4 c5 6. Nc3 a6 7. a4 cxd4 8. exd4
Nc6 9. O-O Be7 10. d5 exd5 11. Nxd5 Nxd5 12. Bxd5 O-O 13. Bxc6 bxc6 14. Qc2 Qc7
15. Be3 Be6 16. a5 Bd5 17. Bb6 Qb7 18. Nd4 Rfe8 19. Nf5 Bf8 20. Ne3 Be4 21. Qd2
Re6 22. Rfd1 Qe7 23. Qd7 Qg5 24. Bd8 Qg6 25. Bc7 Bf3 26. Rd2 Bb4 27. Bg3 Bxd2
28. Qxd2 Be4 29. Rd1 Rae8 30. Nc4 Bd5 31. Ne3 Qe4 32. h3 Bb3 33. Rc1 Qa4 34.
Rc5 h6 35. Qc3 Qa1+ 36. Kh2 Bd5 37. Nxd5 cxd5 38. Rxd5 Re1 39. Be5 Rh1+ 40. Kg3
Re6 41. Qc8+ Kh7 42. Qxa6 Rxa6 0-1

[Event "Dorsten- Gerthe"]
[Site "?"]
[Date "2023.11.19"]
[Round "4.5"]
[White "Kalle, Yannis"]
[Black "Heinrichs, Maximilian"]
[Result "1/2-1/2"]
[WhiteElo "1808"]
[BlackElo "1823"]
[PlyCount "54"]
[SourceDate "2023.11.29"]

1. e4 e6 2. d4 d5 3. Nc3 dxe4 4. Nxe4 Nf6 5. Bd3 Nbd7 6. Nf3 Nxe4 7. Bxe4 Nf6
8. Bg5 Be7 9. Bd3 c6 10. O-O b6 11. Ne5 Bb7 12. Re1 h6 13. Bh4 O-O 14. Re3 Nd5
15. Bxe7 Nxe3 16. Bxd8 Nxd1 17. Be7 Nxb2 18. Bxf8 Kxf8 19. Be4 Rc8 20. a4 f6
21. Ng6+ Kf7 22. a5 Nc4 23. axb6 axb6 24. Bd3 Nd6 25. Rb1 b5 26. Re1 Ra8 27.
Nf4 Bc8 1/2-1/2

[Event "Dorsten- Gerthe"]
[Site "?"]
[Date "2023.11.19"]
[Round "4.6"]
[White "Nashir, Ramin"]
[Black "Meise, Ulrich"]
[Result "1-0"]
[WhiteElo "1822"]
[BlackElo "1789"]
[PlyCount "77"]
[SourceDate "2023.11.29"]

1. Nf3 d5 2. g3 c5 3. Bg2 Nc6 4. d4 cxd4 5. Nxd4 e5 6. Nxc6 bxc6 7. c4 Bb4+ 8.
Nc3 Ne7 9. O-O Bxc3 10. bxc3 Be6 11. Qa4 O-O 12. Rd1 Qc7 13. Ba3 Rfe8 14. Rac1
Rad8 15. Bb4 Nc8 16. c5 Rd7 17. Rb1 Ne7 18. e3 e4 19. Rd2 Qe5 20. Ba5 h5 21.
Rdb2 Qg5 22. Rb7 Rxb7 23. Rxb7 Nf5 24. Bc7 Qg4 25. Qc2 a5 26. a4 Qg6 27. Bxa5
h4 28. Bc7 h3 29. Bf1 Nh4 30. a5 Nf3+ 31. Kh1 Bg4 32. a6 Ne1 33. Qb1 Nd3 34.
Kg1 Qf6 35. Qa2 Qxc3 36. a7 d4 37. Ba5 dxe3 38. Qxf7+ Kh7 39. Bxc3 1-0

[Event "Dorsten- Gerthe"]
[Site "?"]
[Date "2023.11.19"]
[Round "4.7"]
[White "Loeffelbein, Klaus"]
[Black "Vengels, Joachim"]
[Result "0-1"]
[WhiteElo "1760"]
[BlackElo "1976"]
[PlyCount "70"]
[SourceDate "2023.11.29"]

1. d4 d5 2. c4 c6 3. Nf3 Nf6 4. cxd5 cxd5 5. Nc3 Nc6 6. Bf4 a6 7. e3 Bf5 8. Bd3
Bg6 9. Ne5 Rc8 10. Nxg6 hxg6 11. h3 e6 12. Rc1 Bd6 13. Bg5 O-O 14. O-O Qb6 15.
Na4 Qa5 16. a3 Ne7 17. Qb3 b5 18. Nc3 Qb6 19. Ne2 Nc6 20. Bxf6 gxf6 21. Bb1 Na5
22. Qd3 Nc4 23. Rc2 f5 24. Kh1 Kg7 25. Ng1 Na5 26. Rfc1 Rxc2 27. Rxc2 Nc4 28.
Qd1 Bb8 29. g3 Bxg3 30. Qc1 Bd6 31. Nf3 Qb7 32. Qg1 Rh8 33. Qg2 b4 34. Ng5 bxa3
35. Rxc4 Qxb2 0-1

[Event "Dorsten- Gerthe"]
[Site "?"]
[Date "2023.11.19"]
[Round "4.8"]
[White "Nowok, Frank"]
[Black "Boost, Juergen"]
[Result "1-0"]
[WhiteElo "1847"]
[BlackElo "1797"]
[Annotator "daniel"]
[PlyCount "95"]
[SourceDate "2023.11.29"]

1. e4 e5 2. Nf3 Nc6 3. Bc4 Bc5 4. c3 Nf6 5. d3 d6 6. O-O a6 7. a4 O-O 8. Re1
Be6 9. Bxe6 fxe6 10. b4 Ba7 11. h3 Nh5 12. Be3 Bxe3 13. Rxe3 Qf6 14. Ra2 Nf4
15. Kh2 Qh6 16. Nbd2 Rf6 17. Nf1 Raf8 18. Ng3 Ne7 19. b5 Neg6 20. d4 Nh4 21.
Nxh4 Qxh4 22. Nh1 Ng6 23. Qg4 Qxg4 24. hxg4 Ra8 $11 25. b6 c6 26. a5 Rff8 27.
Ng3 Rac8 28. Rd2 Rfd8 29. Ne2 c5 30. g3 exd4 31. cxd4 e5 32. dxc5 Rxc5 33. Rc3
Rxa5 34. Rc7 Rb5 35. Rxb7 Nf8 36. Nc3 Rc5 37. Nd5 Ne6 38. Ra7 Rb5 39. Rxa6 Rb8
40. Re2 Nc5 41. Ra7 Nxe4 42. Ne7+ Kf8 43. Rxe4 R8xb6 44. Nf5 g6 45. Rc4 Rc5 46.
Nxd6 Rxc4 47. Nxc4 Re6 48. Rxh7 1-0

[Event "Oberhausen 2- Sodingen 2"]
[Site "?"]
[Date "2023.11.19"]
[Round "4.1"]
[White "Foerster, Wolfgang"]
[Black "Joergens, Markus"]
[Result "1-0"]
[WhiteElo "1984"]
[BlackElo "2011"]
[PlyCount "59"]
[SourceDate "2023.11.29"]

1. e4 e6 2. Nf3 d5 3. e5 c5 4. c3 Nc6 5. Na3 Bd7 6. Nc2 f6 7. d4 fxe5 8. Nxe5
Nxe5 9. dxe5 Qc7 10. f4 O-O-O 11. b4 g5 12. g3 h5 13. h4 cxb4 14. cxb4 Qc3+ 15.
Kf2 gxh4 16. Rxh4 Ba4 17. Bd3 Bxb4 18. Rb1 Be7 19. Rh3 Nh6 20. Bb2 Ng4+ 21. Ke2
Qa5 22. Bd4 Bc5 23. Bxc5 Qxc5 24. Qg1 d4 25. Nb4 Kd7 26. Qh1 Bc6 27. Nxc6 bxc6
28. Rxh5 Qf8 29. Rb7+ Kc8 30. Qxc6# 1-0

[Event "Oberhausen 2- Sodingen 2"]
[Site "?"]
[Date "2023.11.19"]
[Round "4.2"]
[White "Matzat, Andre"]
[Black "Ribbeheger, Edgar"]
[Result "1/2-1/2"]
[WhiteElo "2051"]
[BlackElo "1971"]
[PlyCount "49"]
[SourceDate "2023.11.29"]

1. d4 d5 2. Nf3 e6 3. Bf4 Nf6 4. e3 Bd6 5. c3 Bxf4 6. exf4 O-O 7. Nbd2 b6 8. h4
c5 9. h5 cxd4 10. cxd4 Qd6 11. h6 g6 12. g3 Ba6 13. Bxa6 Nxa6 14. a3 Nb8 15.
Ne5 Nc6 16. Nxc6 Qxc6 17. Qe2 Rfc8 18. O-O Qc2 19. Qe5 Ne8 20. Nf3 Qf5 21. Rac1
f6 22. Qe3 Nd6 23. Rxc8+ Rxc8 24. Rc1 Kf7 25. Rxc8 1/2-1/2

[Event "Oberhausen 2- Sodingen 2"]
[Site "?"]
[Date "2023.11.19"]
[Round "4.3"]
[White "Reinholz, Benjamin"]
[Black "Seibert, Michael"]
[Result "1-0"]
[WhiteElo "1981"]
[BlackElo "1925"]
[PlyCount "57"]
[SourceDate "2023.11.29"]

1. e4 c5 2. Nc3 e6 3. g3 d5 4. Bg2 d4 5. Nce2 Nc6 6. d3 h5 7. f4 e5 8. Nf3 Bg4
9. Nxe5 Nxe5 10. fxe5 Qe7 11. h3 Bd7 12. O-O g5 13. c3 h4 14. g4 Qxe5 15. cxd4
cxd4 16. Qb3 O-O-O 17. Rxf7 Nh6 18. Rf2 Bd6 19. Bxg5 Qh2+ 20. Kf1 Rdf8 21. Qc2+
Kb8 22. Nxd4 Bg3 23. Nf3 Rxf3 24. Rxf3 Nxg4 25. Qc5 Bd6 26. Qg1 Qxg1+ 27. Kxg1
Bc5+ 28. Kh1 Nf2+ 29. Kh2 1-0

[Event "Oberhausen 2- Sodingen 2"]
[Site "?"]
[Date "2023.11.19"]
[Round "4.4"]
[White "Stefaniak, Christian"]
[Black "Cobanoglu, Ferhat"]
[Result "0-1"]
[WhiteElo "1904"]
[BlackElo "1951"]
[PlyCount "42"]
[SourceDate "2023.11.29"]

1. e4 d6 2. d4 Nf6 3. Nc3 e5 4. Nf3 Nbd7 5. Bc4 Be7 6. O-O O-O 7. a4 c6 8. dxe5
Nxe5 9. Be2 Nxf3+ 10. Bxf3 Be6 11. Be3 Nd7 12. Qd2 Ne5 13. Be2 d5 14. f4 Nc4
15. Bxc4 dxc4 16. Qf2 f5 17. a5 Bb4 18. Rfd1 Qe7 19. e5 Rfd8 20. Bxa7 Rxd1+ 21.
Rxd1 Rxa7 0-1

[Event "Oberhausen 2- Sodingen 2"]
[Site "?"]
[Date "2023.11.19"]
[Round "4.5"]
[White "Baumeister, Christoph"]
[Black "Gerst, Michael"]
[Result "1/2-1/2"]
[WhiteElo "1920"]
[BlackElo "1905"]
[PlyCount "59"]
[SourceDate "2023.11.29"]

1. e4 c5 2. Nc3 e6 3. f4 d5 4. Bb5+ Bd7 5. Bxd7+ Qxd7 6. d3 Nc6 7. Nf3 dxe4 8.
Nxe4 Be7 9. Be3 b6 10. O-O Nf6 11. Qe2 O-O 12. c3 Rad8 13. Rad1 Qc7 14. Nxf6+
Bxf6 15. g4 g6 16. Nd2 Bg7 17. f5 exf5 18. gxf5 gxf5 19. Rxf5 Ne7 20. Rf2 Rd6
21. Ne4 Rg6+ 22. Rg2 f5 23. Rxg6 Nxg6 24. Ng5 Qc6 25. Qf3 Qf6 26. Qd5+ Kh8 27.
Nf3 Re8 28. Bg5 Qe6 29. Qxe6 Rxe6 30. Kf2 1/2-1/2

[Event "Oberhausen 2- Sodingen 2"]
[Site "?"]
[Date "2023.11.19"]
[Round "4.6"]
[White "Kraus, Kilian"]
[Black "Winterkamp, Sascha"]
[Result "1/2-1/2"]
[WhiteElo "1909"]
[BlackElo "1925"]
[PlyCount "52"]
[SourceDate "2023.11.29"]

1. d4 Nf6 2. Nc3 d6 3. e4 g6 4. f4 Bg7 5. Nf3 c6 6. Bd3 O-O 7. O-O b5 8. f5 Qb6
9. Kh1 Na6 10. Bg5 gxf5 11. e5 dxe5 12. dxe5 Ng4 13. Qe2 Qc7 14. h3 f6 15. hxg4
fxg4 16. exf6 exf6 17. Nd4 fxg5 18. Rxf8+ Bxf8 19. Ne6 Qe7 20. Re1 Bxe6 21.
Qxe6+ Qxe6 22. Rxe6 Nb4 23. Be4 Kf7 24. Re5 Bg7 25. Rxg5 Re8 26. Rxg4 Bxc3
1/2-1/2

[Event "Oberhausen 2- Sodingen 2"]
[Site "?"]
[Date "2023.11.19"]
[Round "4.7"]
[White "Schriewer, Thomas"]
[Black "Groß, Thomas"]
[Result "0-1"]
[WhiteElo "1874"]
[BlackElo "1903"]
[PlyCount "92"]
[SourceDate "2023.11.29"]

1. d4 d5 2. c4 c6 3. Nf3 Nf6 4. Nc3 a6 5. c5 Nbd7 6. Bf4 Nh5 7. Bd2 Nhf6 8. Bf4
g6 9. h3 Bg7 10. e3 O-O 11. Be2 b6 12. b4 bxc5 13. bxc5 Ne4 14. Na4 Qa5+ 15.
Kf1 e5 16. dxe5 Ndxc5 17. Nxc5 Nxc5 18. Nd4 Bd7 19. Rc1 Rfc8 20. Qc2 Bf8 21.
Bg4 Ne6 22. Nb3 Qb4 23. Bg3 c5 24. f4 Ba4 25. Be1 Qb5+ 26. Be2 c4 27. Qd2 Bxb3
28. axb3 Qxb3 29. Qxd5 Qxe3 30. Bd2 Nxf4 31. Bxe3 Nxd5 32. Bd4 Ne7 33. Kf2 Nf5
34. Bb6 Rab8 35. Ba5 Bc5+ 36. Ke1 Ng3 37. Rh2 Nxe2 38. Kxe2 Rb2+ 39. Kf3 Bb4
40. Bxb4 Rxb4 41. Rhh1 a5 42. Ra1 Rc5 43. Rhe1 c3 44. e6 fxe6 45. Rxe6 c2 46.
Ree1 Rcb5 0-1

[Event "Oberhausen 2- Sodingen 2"]
[Site "?"]
[Date "2023.11.19"]
[Round "4.8"]
[White "Kohl, Niclas"]
[Black "Lucke, Thomas"]
[Result "1-0"]
[WhiteElo "1765"]
[BlackElo "1883"]
[PlyCount "45"]
[SourceDate "2023.11.29"]

1. e4 c6 2. d4 d5 3. exd5 cxd5 4. Bd3 Nc6 5. c3 Qc7 6. Nf3 Bg4 7. O-O e6 8.
Nbd2 Bd6 9. h3 Bh5 10. Re1 Bg6 11. Nf1 Nge7 12. Bg5 O-O 13. N1h2 Bxd3 14. Qxd3
Ng6 15. Ng4 h6 16. Bd2 Rac8 17. Rxe6 fxe6 18. Qxg6 Kh8 19. Qxe6 Rcd8 20. Nh4
Rfe8 21. Ng6+ Kh7 22. Qf5 Qd7 23. Nf8+ 1-0

[Event "Hamm- Bottrop"]
[Site "?"]
[Date "2023.11.19"]
[Round "4.1"]
[White "Ruhmann, Gabriel"]
[Black "Ackermann, Hans Werner"]
[Result "0-1"]
[WhiteElo "1903"]
[BlackElo "2167"]
[PlyCount "58"]
[SourceDate "2023.11.29"]

1. Nf3 d5 2. c4 d4 3. b4 g6 4. g3 Bg7 5. d3 e5 6. Bg2 Ne7 7. Bb2 O-O 8. O-O Re8
9. Nbd2 a5 10. b5 a4 11. Ba3 Ra7 12. Rb1 Nd7 13. e3 dxe3 14. fxe3 Nf5 15. Re1
Nf6 16. e4 Qxd3 17. Bc5 b6 18. Bf2 Nd4 19. Nxd4 exd4 20. e5 Ng4 21. Nf3 Nxf2
22. Kxf2 Qxc4 23. Rb2 d3 24. Qd2 Bf5 25. Qf4 Qxf4 26. gxf4 a3 27. Rb4 Bf8 28.
Rc4 Be6 29. Rc3 Bb4 0-1

[Event "Hamm- Bottrop"]
[Site "?"]
[Date "2023.11.19"]
[Round "4.2"]
[White "Spyrou, Emmanouil"]
[Black "Boehm, Joachim"]
[Result "1/2-1/2"]
[WhiteElo "2152"]
[BlackElo "2208"]
[PlyCount "47"]
[SourceDate "2023.11.29"]

1. d4 d5 2. c4 e6 3. Nc3 Be7 4. Nf3 Nf6 5. Bg5 O-O 6. e3 h6 7. Bh4 Ne4 8. Bxe7
Qxe7 9. cxd5 Nxc3 10. bxc3 exd5 11. Qb3 Rd8 12. c4 dxc4 13. Bxc4 Nc6 14. Qb2
Bg4 15. O-O Bxf3 16. gxf3 Na5 17. Be2 Rd5 18. f4 Rad8 19. Rac1 c6 20. Bf3 R5d6
21. Qc3 b6 22. Kh1 Qh4 23. Be4 Re8 24. f3 1/2-1/2

[Event "Hamm- Bottrop"]
[Site "?"]
[Date "2023.11.19"]
[Round "4.3"]
[White "Masberg, Stefan"]
[Black "Schlaap, Ralf"]
[Result "0-1"]
[WhiteElo "1897"]
[BlackElo "2097"]
[PlyCount "98"]
[SourceDate "2023.11.29"]

1. e4 e6 2. d4 d5 3. Nc3 Nf6 4. e5 Nfd7 5. Nf3 c5 6. Bb5 Nc6 7. dxc5 Bxc5 8.
O-O Qc7 9. Bf4 a6 10. Bxc6 Qxc6 11. Ne2 f6 12. Bg3 fxe5 13. Nxe5 Nxe5 14. Bxe5
O-O 15. Ng3 Qa4 16. b3 Qh4 17. c3 Bd7 18. a4 Bc6 19. Rb1 Rac8 20. b4 Bb6 21.
Rb2 Qg5 22. Bd4 Bxd4 23. cxd4 Bd7 24. b5 Rc4 25. Ne2 Rfc8 26. Qb3 Qf6 27. h3
Be8 28. Rd2 Bg6 29. bxa6 bxa6 30. a5 Be8 31. Qb6 Bb5 32. Re1 R4c6 33. Qb7 Qd8
34. Rb2 R8c7 35. Rxb5 Rxb7 36. Rxb7 Qxa5 37. Reb1 Rc7 38. R7b6 Qd2 39. Rxe6 a5
40. Rb8+ Kf7 41. Re3 g6 42. Ra8 Re7 43. Rf3+ Kg7 44. Nc3 Qxd4 45. Rxa5 Rd7 46.
h4 Qd2 47. Ra1 d4 48. Ne4 Qc2 49. h5 Qxe4 0-1

[Event "Hamm- Bottrop"]
[Site "?"]
[Date "2023.11.19"]
[Round "4.4"]
[White "Voss, Hubertus"]
[Black "Gierse, Heinz- Dieter"]
[Result "1/2-1/2"]
[WhiteElo "2084"]
[BlackElo "1908"]
[PlyCount "122"]
[SourceDate "2023.11.29"]

1. e4 d5 2. exd5 Nf6 3. c4 e6 4. d4 exd5 5. Nc3 Nc6 6. cxd5 Nxd5 7. Bb5 Nxc3 8.
bxc3 Bd7 9. Nf3 Be7 10. O-O O-O 11. Bf4 a6 12. Ba4 Bf6 13. Re1 b5 14. Bc2 Ne7
15. Be5 Nd5 16. Qd2 Bxe5 17. Nxe5 Be6 18. Be4 Re8 19. f4 f5 20. Bf3 Rc8 21. Nd3
Bf7 22. Rxe8+ Qxe8 23. Re1 Qd7 24. Nc5 Qd6 25. Re5 c6 26. Bxd5 Bxd5 27. a3 g6
28. Qe3 Kf7 29. Qh3 h5 30. Qh4 Qd8 31. Qe1 Qd6 32. Qh4 Qd8 33. Qxd8 Rxd8 34.
Kf2 a5 35. Re2 Bc4 36. Rd2 Bd5 37. Nd3 Be4 38. Ne5+ Kf6 39. Ke3 Rd6 40. Rb2 Re6
41. g3 Bd5 42. Kd2 Re7 43. c4 bxc4 44. Rb6 Rc7 45. Kc3 g5 46. Nxc4 gxf4 47.
gxf4 h4 48. Ne3 Ke6 49. Rb8 Be4 50. Rh8 Rb7 51. Rxh4 Rb1 52. Rh6+ Ke7 53. Rh7+
Ke6 54. Ra7 Rh1 55. Rxa5 Rxh2 56. d5+ cxd5 57. Ra6+ Kd7 58. Kd4 Rh3 59. a4 Rf3
60. a5 Rxf4 61. Nxd5 Bxd5+ 1/2-1/2

[Event "Hamm- Bottrop"]
[Site "?"]
[Date "2023.11.19"]
[Round "4.5"]
[White "Nowacki, Marcus"]
[Black "Brieger, Sebastian"]
[Result "0-1"]
[WhiteElo "1842"]
[BlackElo "1919"]
[PlyCount "72"]
[SourceDate "2023.11.29"]

1. Nf3 d5 2. b3 Nf6 3. Bb2 Bf5 4. e3 c6 5. c4 e6 6. Be2 h6 7. O-O Bd6 8. d4 O-O
9. Re1 Nbd7 10. Nbd2 Qe7 11. c5 Bc7 12. Nf1 Ba5 13. N3d2 Ne4 14. f3 Nxd2 15.
Nxd2 e5 16. a3 exd4 17. Bxd4 Bc3 18. Rc1 Bxd4 19. exd4 Qe3+ 20. Kh1 Qxd4 21. b4
Rfe8 22. g4 Bg6 23. Kg2 Nf8 24. Ra1 Re3 25. Bf1 Rae8 26. Ne4 Qxd1 27. Raxd1
Rxe1 28. Rxe1 dxe4 29. f4 f5 30. Bc4+ Bf7 31. Be2 Ne6 32. Kg3 Nd4 33. Bd1 e3
34. gxf5 e2 35. Ba4 Re3+ 36. Kf2 Rxa3 0-1

[Event "Hamm- Bottrop"]
[Site "?"]
[Date "2023.11.19"]
[Round "4.6"]
[White "Woertler, Lars- Erik"]
[Black "Tochtrop, Lothar"]
[Result "1/2-1/2"]
[WhiteElo "1914"]
[BlackElo "1758"]
[PlyCount "83"]
[SourceDate "2023.11.29"]

1. e4 c5 2. Nc3 Nc6 3. g3 e6 4. Bg2 Nf6 5. Nge2 Be7 6. O-O d6 7. d4 cxd4 8.
Nxd4 Nxd4 9. Qxd4 Bd7 10. Be3 O-O 11. h3 Bc6 12. Rfd1 Qc7 13. Rac1 Rfd8 14. a4
d5 15. exd5 Nxd5 16. Nxd5 Bxd5 17. Bxd5 Rxd5 18. Qe4 Rxd1+ 19. Rxd1 a6 20. Rd3
Rc8 21. Rc3 Qd7 22. Rxc8+ Qxc8 23. b3 f5 24. Qd3 Bf6 25. c4 Qc6 26. a5 g6 27.
b4 Kf7 28. b5 Qc8 29. Bb6 Ke8 30. bxa6 bxa6 31. c5 Be7 32. Qd4 Kf7 33. Qc4 Kf6
34. c6 Bd6 35. Kf1 e5 36. Ke2 h5 37. h4 f4 38. Ke1 fxg3 39. fxg3 e4 40. Bd4+
Ke7 41. Bf2 Qe6 42. Qd4 1/2-1/2

[Event "Hamm- Bottrop"]
[Site "?"]
[Date "2023.11.19"]
[Round "4.7"]
[White "Gruber, Herbert"]
[Black "Boelling, Andreas"]
[Result "0-1"]
[WhiteElo "1760"]
[BlackElo "1755"]
[PlyCount "88"]
[SourceDate "2023.11.29"]

1. e4 c5 2. Nf3 Nc6 3. d4 cxd4 4. Nxd4 Nf6 5. Nc3 d6 6. Be2 e5 7. Nf3 h6 8. h3
Be6 9. Be3 Be7 10. O-O O-O 11. a3 d5 12. exd5 Nxd5 13. Nxd5 Bxd5 14. c4 Bxf3
15. Bxf3 Qc7 16. Bd5 a5 17. f4 Bf6 18. fxe5 Qxe5 19. Bc5 Be7 20. Bxe7 Qxe7 21.
Qh5 Nd8 22. Rae1 Qc7 23. Re2 Ra6 24. Rfe1 Rf6 25. Kh1 Qf4 26. Re7 b6 27. b4
axb4 28. axb4 Nc6 29. R7e4 Qf2 30. b5 Nd4 31. Qd1 Nf5 32. Kh2 Qg3+ 33. Kg1 Rg6
34. Rg4 Rxg4 35. hxg4 Ne3 36. Qe2 Nxg4 37. Qd2 Qh2+ 38. Kf1 Qh1+ 39. Ke2 Re8+
40. Kd1 Qxe1+ 41. Qxe1 Rxe1+ 42. Kxe1 Ne3 43. Ke2 Nxd5 44. cxd5 Kf8 0-1

[Event "Hamm- Bottrop"]
[Site "?"]
[Date "2023.11.19"]
[Round "4.8"]
[White "Fitzek, Timm"]
[Black "Liebig, Martin"]
[Result "1/2-1/2"]
[WhiteElo "1627"]
[BlackElo "1618"]
[PlyCount "30"]
[SourceDate "2023.11.29"]

1. e4 e6 2. d4 d5 3. exd5 exd5 4. Nf3 Bd6 5. Bd3 Ne7 6. O-O O-O 7. Bg5 f6 8.
Be3 Bf5 9. Nc3 c6 10. a3 Bxd3 11. Qxd3 Na6 12. Ne2 Ng6 13. Ng3 Bxg3 14. fxg3
Qd7 15. Rae1 Rae8 1/2-1/2

[Event "Linden- Buer"]
[Site "?"]
[Date "2023.11.19"]
[Round "4.1"]
[White "Wolff, Christoph"]
[Black "Hahn, Matthias"]
[Result "0-1"]
[WhiteElo "2014"]
[BlackElo "2110"]
[PlyCount "60"]
[SourceDate "2023.11.29"]

1. e4 e5 2. Nc3 Nc6 3. g3 Bc5 4. Bg2 d6 5. Nge2 f5 6. Na4 Nf6 7. Nxc5 dxc5 8.
Nc3 O-O 9. O-O f4 10. Nd5 Nxd5 11. exd5 Nd4 12. Be4 f3 13. c3 Ne2+ 14. Kh1 Bh3
15. Rg1 Qd7 16. d3 Rae8 17. Bd2 Qg4 18. Be3 b6 19. Qa4 a5 20. d6 cxd6 21. Qb3+
Kh8 22. Qxb6 Qe6 23. Qb3 Nxg1 24. Kxg1 Rb8 25. Qc2 d5 26. Bxc5 Rf7 27. Bxf3
Rxf3 28. Re1 Qf5 29. Qa4 Rxf2 30. Qd1 Rbxb2 0-1

[Event "Linden- Buer"]
[Site "?"]
[Date "2023.11.19"]
[Round "4.2"]
[White "Boehm, Ingo"]
[Black "Hammerich, Simon"]
[Result "1-0"]
[WhiteElo "2081"]
[BlackElo "2034"]
[Annotator "daniel"]
[PlyCount "83"]
[SourceDate "2023.11.29"]

1. e4 e6 2. d4 d5 3. Nd2 c5 4. exd5 exd5 5. Bb5+ Nc6 6. Qe2+ Be7 7. dxc5 $11
Nf6 8. Ngf3 O-O 9. O-O Bxc5 10. Nb3 Bb6 11. Bg5 h6 12. Bh4 g5 13. Bg3 Re8 14.
Qd3 Ne4 15. Nbd4 Qf6 16. c3 a6 17. Ba4 Nc5 18. Qd1 h5 19. h4 g4 20. Nxc6 Nxa4
21. Nfd4 Nxb2 22. Qb3 Nc4 23. Nb4 Be6 24. Rad1 Rad8 25. Nd3 Bxd4 26. cxd4 Qxd4
27. Nf4 Qb2 28. Nxh5 Re7 29. Rfe1 Qxb3 30. axb3 Na5 31. Be5 Nxb3 32. Bf6 Red7
33. Bxd8 Rxd8 34. Nf4 Rd6 35. Rb1 Nc5 36. Re5 a5 37. Rd1 a4 38. Nxd5 Bxd5 39.
Rdxd5 Rxd5 40. Rxd5 b6 41. Rd6 b5 42. Rb6 1-0

[Event "Linden- Buer"]
[Site "?"]
[Date "2023.11.19"]
[Round "4.3"]
[White "Winzbeck, Frank"]
[Black "Kandyba, Andriy"]
[Result "0-1"]
[WhiteElo "1850"]
[BlackElo "1984"]
[PlyCount "72"]
[SourceDate "2023.11.29"]

1. d4 Nf6 2. c4 c5 3. d5 e6 4. Nc3 exd5 5. cxd5 d6 6. e4 a6 7. a4 Be7 8. Nf3
Bg4 9. Be2 Bxf3 10. Bxf3 Nbd7 11. Bf4 O-O 12. O-O Re8 13. Qc2 Bf8 14. g3 Ne5
15. Bxe5 Rxe5 16. Bg2 Nd7 17. f4 Re8 18. Rfe1 g6 19. Re2 Bg7 20. Kh1 Rb8 21. a5
Qc7 22. h4 Nf6 23. Bh3 Nh5 24. Kh2 Bd4 25. Qa4 Rbd8 26. Rae1 Re7 27. Bg4 Nf6
28. Bf3 h5 29. Kg2 Rb8 30. Rc2 b5 31. axb6 Qxb6 32. Ra1 Reb7 33. Qc4 Qb3 34.
Qd3 Qxc2+ 35. Qxc2 Rxb2 36. Ra2 Bxc3 0-1

[Event "Linden- Buer"]
[Site "?"]
[Date "2023.11.19"]
[Round "4.4"]
[White "Schmidt, Ralph"]
[Black "Hirschberg, Markus"]
[Result "0-1"]
[WhiteElo "1878"]
[BlackElo "1832"]
[PlyCount "70"]
[SourceDate "2023.11.29"]

1. e4 e6 2. Nc3 Bb4 3. d4 d5 4. exd5 exd5 5. Qf3 Ne7 6. Bd3 Nbc6 7. Nge2 O-O 8.
O-O Bxc3 9. bxc3 Ng6 10. Nf4 Nce7 11. Ba3 Re8 12. Rfe1 c6 13. Re3 Nf5 14. Rxe8+
Qxe8 15. Nh5 Nfh4 16. Qg3 Nf5 17. Qg5 h6 18. Qd2 Be6 19. Re1 Qd7 20. Bc1 b5 21.
Qe2 Nfe7 22. h3 a5 23. Bxh6 Bxh3 24. gxh3 Qxh3 25. Bg5 Nf5 26. Bd2 Ngh4 27. Nf4
Nf3+ 28. Qxf3 Qxf3 29. Bxf5 g5 30. Nxd5 cxd5 31. Bd7 Rb8 32. Re5 Qd1+ 33. Be1
f6 34. Re3 Rb6 35. Be6+ Rxe6 0-1

[Event "Linden- Buer"]
[Site "?"]
[Date "2023.11.19"]
[Round "4.5"]
[White "Gill, Stephan"]
[Black "Hochstein, Udo"]
[Result "1/2-1/2"]
[WhiteElo "1823"]
[BlackElo "1849"]
[PlyCount "136"]
[SourceDate "2023.11.29"]

1. d4 Nf6 2. c4 g6 3. Nc3 Bg7 4. e4 d6 5. Be2 O-O 6. h4 h5 7. Bg5 Nc6 8. Nf3
Bg4 9. O-O Bxf3 10. Bxf3 e5 11. d5 Nd4 12. Nb5 Nxb5 13. cxb5 Qd7 14. Qd3 a6 15.
bxa6 Rxa6 16. a3 Rfa8 17. Rac1 Ne8 18. Rc2 Bf6 19. Bxf6 Nxf6 20. Be2 Rb6 21.
Rfc1 Ne8 22. b4 Rba6 23. Rc3 R6a7 24. Bd1 b6 25. Be2 Qe7 26. g3 Kg7 27. Qe3 Qd7
28. Kg2 Kh7 29. R1c2 Kg7 30. Bc4 Kh7 31. Qd3 Nf6 32. Bb5 Qe7 33. Qe3 Ng4 34.
Qc1 Rc8 35. Rc6 f5 36. exf5 gxf5 37. Ba6 Rd8 38. Rxc7 Rd7 39. Rxd7 Qxd7 40. Bc8
Qf7 41. Be6 Qf6 42. Rc7+ Rxc7 43. Qxc7+ Kh6 44. Qf7 b5 45. Kf1 Qxf7 46. Bxf7
Nf6 47. Ke2 Kg7 48. Be6 Kf8 49. f3 Ke7 50. Kd3 Kd8 51. f4 Ke7 52. Kc2 Kd8 53.
fxe5 dxe5 54. d6 Ne4 55. Bxf5 Nxg3 56. Bg6 Kd7 57. Kd2 Kxd6 58. Ke3 Ke6 59. Kf2
Nf5 60. Bxh5 Nxh4 61. Be8 Nf5 62. Bxb5 Kd5 63. Bd3 e4 64. Bb1 Nd6 65. Ba2+ Kd4
66. Ke2 Nb5 67. Bf7 Nxa3 68. Bg6 Kc4 1/2-1/2

[Event "Linden- Buer"]
[Site "?"]
[Date "2023.11.19"]
[Round "4.6"]
[White "Jedner, Volker"]
[Black "Dereli, Ismail"]
[Result "1/2-1/2"]
[WhiteElo "1778"]
[BlackElo "1768"]
[PlyCount "89"]
[SourceDate "2023.11.29"]

1. d4 Nf6 2. Bg5 d5 3. Nf3 Bf5 4. e3 e6 5. Be2 Nbd7 6. O-O Bd6 7. c4 c6 8. Nc3
O-O 9. Rc1 h6 10. Bh4 Qe7 11. a3 Rad8 12. b4 dxc4 13. Bxc4 Nb6 14. Qe2 g5 15.
Bg3 Ne4 16. Nxe4 Bxe4 17. Bb3 Nd5 18. Nd2 Bg6 19. Bxd6 Qxd6 20. Nc4 Qe7 21. Ne5
Bh7 22. Qh5 f6 23. Ng4 f5 24. Ne5 Kg7 25. Bxd5 Rxd5 26. Qe2 Qf6 27. Rc5 Rfd8
28. Rfc1 f4 29. b5 Rxc5 30. Rxc5 Rd5 31. Rxd5 cxd5 32. Qd2 Qf5 33. Qc1 Kf6 34.
h3 Qc2 35. Qe1 fxe3 36. Qxe3 Qb1+ 37. Kh2 Qe4 38. Qd2 Bf5 39. g3 Qb1 40. Qa5
Qf1 41. Qd8+ Kg7 42. Qe7+ Kg8 43. Qf7+ Kh8 44. Qf8+ Kh7 45. Qf7+ 1/2-1/2

[Event "Linden- Buer"]
[Site "?"]
[Date "2023.11.19"]
[Round "4.7"]
[White "Reichardt, Markus"]
[Black "Pappert, Thomas"]
[Result "1-0"]
[WhiteElo "1736"]
[BlackElo "1748"]
[PlyCount "61"]
[SourceDate "2023.11.29"]

1. e4 c5 2. Nf3 Nc6 3. d4 cxd4 4. Nxd4 e5 5. Nb5 a6 6. Nd6+ Bxd6 7. Qxd6 Qf6 8.
Qd1 Qg6 9. Nc3 Nf6 10. f3 O-O 11. Be3 d5 12. Nxd5 Nxd5 13. Qxd5 Be6 14. Qd2
Rfd8 15. Bd3 Bc4 16. Bb6 Rd7 17. O-O Nd4 18. Bxd4 Rxd4 19. Qa5 Bxd3 20. cxd3
Qd6 21. Rfd1 Rd8 22. Rac1 h5 23. Qc5 Qf6 24. g3 Rxd3 25. Rxd3 Rxd3 26. Rf1 Qe6
27. Qc2 Qd7 28. Rf2 g6 29. Kf1 Kg7 30. Ke2 Qd4 31. Qxd3 1-0

[Event "Linden- Buer"]
[Site "?"]
[Date "2023.11.19"]
[Round "4.8"]
[White "Schuetz, Paul"]
[Black "Knorr, Herbert"]
[Result "0-1"]
[WhiteElo "1533"]
[BlackElo "1743"]
[PlyCount "38"]
[SourceDate "2023.11.29"]

1. Nf3 c5 2. g3 d5 3. Bg2 Nc6 4. O-O e5 5. d3 f6 6. c3 Bd6 7. e4 d4 8. Nbd2 Be6
9. Ne1 Nge7 10. a3 Qd7 11. c4 O-O 12. Nb3 Bh3 13. f4 Bxg2 14. Nxg2 f5 15. fxe5
Nxe5 16. Qe2 fxe4 17. Rxf8+ Rxf8 18. Qxe4 Nf3+ 19. Kh1 Qh3 0-1

[Event "Dortmunder SV-SF Kirchhellen"]
[Site "Dortmund"]
[Date "2023.11.19"]
[Round "4.1"]
[White "Hoffterheide, Thomas"]
[Black "Schulenburg, Pit"]
[Result "1/2-1/2"]
[WhiteElo "1982"]
[BlackElo "2009"]
[Annotator "Rnd./Pair./Board: 04.003.01"]
[PlyCount "22"]
[EventDate "2023.??.??"]
[SourceDate "2023.11.29"]
[WhiteTeam "SF Kirchhellen"]
[BlackTeam "Dortmunder SV"]

1. e4 d6 2. d4 Nf6 3. Nc3 e5 4. dxe5 dxe5 5. Qxd8+ Kxd8 6. Nf3 Bd6 7. Bc4 Be6
8. Bxe6 fxe6 9. Bg5 a6 10. Rd1 Nc6 11. O-O Ke7 1/2-1/2